<?xml version="1.0" encoding="UTF-8"?><?xml-stylesheet type="text/xsl" href="static/style.xsl"?><OAI-PMH xmlns="http://www.openarchives.org/OAI/2.0/" xmlns:xsi="http://www.w3.org/2001/XMLSchema-instance" xsi:schemaLocation="http://www.openarchives.org/OAI/2.0/ http://www.openarchives.org/OAI/2.0/OAI-PMH.xsd"><responseDate>2026-04-17T00:39:31Z</responseDate><request verb="GetRecord" identifier="oai:www.recercat.cat:2072/465969" metadataPrefix="marc">https://recercat.cat/oai/request</request><GetRecord><record><header><identifier>oai:recercat.cat:2072/465969</identifier><datestamp>2025-05-08T13:43:40Z</datestamp><setSpec>com_2072_98</setSpec><setSpec>col_2072_378192</setSpec></header><metadata><record xmlns="http://www.loc.gov/MARC21/slim" xmlns:dcterms="http://purl.org/dc/terms/" xmlns:xsi="http://www.w3.org/2001/XMLSchema-instance" xmlns:doc="http://www.lyncode.com/xoai" xsi:schemaLocation="http://www.loc.gov/MARC21/slim http://www.loc.gov/standards/marcxml/schema/MARC21slim.xsd">
   <leader>00925njm 22002777a 4500</leader>
   <datafield ind2=" " ind1=" " tag="042">
      <subfield code="a">dc</subfield>
   </datafield>
   <datafield ind2=" " ind1=" " tag="720">
      <subfield code="a">Gonzalez García, Robert</subfield>
      <subfield code="e">author</subfield>
   </datafield>
   <datafield ind2=" " ind1=" " tag="720">
      <subfield code="a">Cortina Oriol, Mercè</subfield>
      <subfield code="e">author</subfield>
   </datafield>
   <datafield ind2=" " ind1=" " tag="720">
      <subfield code="a">Aguilera, Thomas</subfield>
      <subfield code="e">author</subfield>
   </datafield>
   <datafield ind2=" " ind1=" " tag="260">
      <subfield code="c">2019</subfield>
   </datafield>
   <datafield ind2=" " ind1=" " tag="520">
      <subfield code="a">El objetivo de este artículo es identificar los impactos del movimiento por la okupación en las políticas públicas de España (1984-2018). A través de la hermenéutica de procesos sociales, se comparan tres casos (Madrid, Barcelona y Bilbao). Se analizan datos cuantitativos y cualitativos de las siguientes variables: 1) historia, tipos, número y visibilidad de las okupaciones; 2) cambios en los gobiernos locales y 3) institucionalización. Se trata de un estudio original: los impactos de los movimientos sociales no suelen aparecer en la producción académica sobre políticas públicas y los expertos en movimientos sociales apenas se han interesado en los efectos específicos de la acción colectiva en las políticas. El resultado de la investigación es que el movimiento okupa incide en los tomadores de decisiones, a través de innovaciones y creatividad, que se materializan en nuevas viviendas, así como políticas culturales, sociales o de juventud. Este fenómeno tiene su raíz en los conflictos urbanos sobre los cuales este colectivo ejerce presión de manera deliberada o indirecta como efecto colateral de una acción disruptiva. Las experiencias de okupación son dispares en las tres ciudades: existen cambios y continuidades durante el periodo estudiado y diversidad en el nivel de institucionalización y en las relaciones movimiento-autoridades.</subfield>
   </datafield>
   <datafield ind2=" " ind1=" " tag="520">
      <subfield code="a">The objective of this article is to identify the impacts of the squatting movement on public policies in Spain (1984-2018). Through the hermeneutics of social pro-cesses, three cases are compared (Madrid, Barcelona, and Bilbao). Quantitative and qualitative data of the following variables are analyzed: 1) history, types, number and visibility of squatting 2) changes in local governments and 3) institutionalization. This is an original study: the impacts of social movements do not usually appear in the academic production of public po-licies and experts in social movements have rarely been interested in specific effects of collective action on these poli-cies. The result of the research is that the squat movement affects decision-makers, through innovations and creativity, which materialize in new housing, and cultural, social or youth policies. This phenomenon is rooted in urban conflicts over which the squat movementdeliberately or indirectly exerts pressure as a collateral effect of a disruptive action. The squatting experien-ces are different in the three cities: there are changes and continuities during the period studied and diversity in the level of institutionalization and in the relations between movement and authorities.</subfield>
   </datafield>
   <datafield tag="653" ind2=" " ind1=" ">
      <subfield code="a">Okupación</subfield>
   </datafield>
   <datafield tag="653" ind2=" " ind1=" ">
      <subfield code="a">Políticas públicas</subfield>
   </datafield>
   <datafield tag="653" ind2=" " ind1=" ">
      <subfield code="a">Sociología urbana</subfield>
   </datafield>
   <datafield tag="653" ind2=" " ind1=" ">
      <subfield code="a">Movimientos sociales</subfield>
   </datafield>
   <datafield tag="653" ind2=" " ind1=" ">
      <subfield code="a">Gobernanza</subfield>
   </datafield>
   <datafield tag="653" ind2=" " ind1=" ">
      <subfield code="a">Squatting</subfield>
   </datafield>
   <datafield tag="653" ind2=" " ind1=" ">
      <subfield code="a">Public policies</subfield>
   </datafield>
   <datafield tag="653" ind2=" " ind1=" ">
      <subfield code="a">Urban sociology</subfield>
   </datafield>
   <datafield tag="653" ind2=" " ind1=" ">
      <subfield code="a">Social movements</subfield>
   </datafield>
   <datafield tag="653" ind2=" " ind1=" ">
      <subfield code="a">Governance</subfield>
   </datafield>
   <datafield ind2="0" ind1="0" tag="245">
      <subfield code="a">Movimientos de okupación y políticas públicas urbanas : los casos de Madrid, Barcelona y Bilbao</subfield>
   </datafield>
</record></metadata></record></GetRecord></OAI-PMH>